00213nam a2200085Ia 4500008004100000041000800041082001500049100001800064245004500082240625s9999 xx 000 0 und d aeng a808.20 ARO aARORA SAKSHAM aINTERNATIONAL TRADE DOCUMENTATION AND CH